A. WESLEY POWELL LEARNING RESOURCE CENTRE (WPLRC)

Wonderful Place to Learn, Research & Collaborate

Night of the indigo (Record no. 13189)

MARC details
000 -LEADER
fixed length control field nam a22 7a 4500
003 - CONTROL NUMBER IDENTIFIER
control field OSt
005 - DATE AND TIME OF LATEST TRANSACTION
control field 20190411164842.0
008 - FIXED-LENGTH DATA ELEMENTS--GENERAL INFORMATION
fixed length control field 190411b xxu||||| |||| 00| 0 eng d
020 ## - INTERNATIONAL STANDARD BOOK NUMBER
International Standard Book Number 9790230030732
040 ## - CATALOGING SOURCE
Transcribing agency WPLRC
082 ## - DEWEY DECIMAL CLASSIFICATION NUMBER
Classification number 833.92
245 ## - TITLE STATEMENT
Title Night of the indigo
Statement of responsibility, etc. Holgate, Michael
260 ## - PUBLICATION, DISTRIBUTION, ETC. (IMPRINT)
Name of publisher, distributor, etc. Macmillan Caribbean
Date of publication, distribution, etc. 2008
300 ## - PHYSICAL DESCRIPTION
Extent 219p.; 18 cm
440 ## - SERIES STATEMENT/ADDED ENTRY--TITLE
Name of part/section of a work Ilond Fiction Series
600 ## - SUBJECT ADDED ENTRY--PERSONAL NAME
Source of heading or term JAMAICANS
610 ## - SUBJECT ADDED ENTRY--CORPORATE NAME
Source of heading or term LITERATURE
942 ## - ADDED ENTRY ELEMENTS (KOHA)
Source of classification or shelving scheme Dewey Decimal Classification
Koha item type Books
Holdings
Withdrawn status Lost status Source of classification or shelving scheme Damaged status Not for loan Home library Current library Date acquired Total Checkouts Full call number Barcode Date last seen Price effective from Koha item type
    Dewey Decimal Classification     Wesley Powell Learning Resource Centre Wesley Powell Learning Resource Centre 04/11/2019   833.92/HOL 47279 04/11/2019 04/11/2019 Books